000 00344nam a2200157Ia 4500
100 _aMatthews/J.H.
490 _v10
942 _cBK
654 _aNumerical Methods
245 _aNumerical Methods For Maths
260 _bPrentice Hall of India
_aNewDelhi
_c1992
082 _a515
_bPAN
300 _a646
546 _aENGLISH
999 _c34491
_d34491